000 00208 a2200097 4500
001 1216
100 _aCroure, W,H
245 _aEvery day automobile repairs
260 _a
_bMcgrawhill
_c
090 _c778
_d778
942 _aNUST-CAE
_cM
_c34466
999 _c236289
_d236289